Zimbabwe : (Record no. 147765)
[ view plain ]
| 000 -LEADER | |
|---|---|
| fixed length control field | 01042nam a2200253 a 4500 |
| 008 - FIXED-LENGTH DATA ELEMENTS--GENERAL INFORMATION | |
| fixed length control field | |
| 049 ## - LOCAL HOLDINGS (OCLC) | |
| Holding library | MAIN |
| 090 ## - LOCALLY ASSIGNED LC-TYPE CALL NUMBER (OCLC); LOCAL CALL NUMBER (RLIN) | |
| Classification number (OCLC) (R) ; Classification number, CALL (RLIN) (NR) | HD8802 |
| Local cutter number (OCLC) ; Book number/undivided call number, CALL (RLIN) | ZIM |
| 003 - CONTROL NUMBER IDENTIFIER | |
| control field | |
| 005 - DATE AND TIME OF LATEST TRANSACTION | |
| control field | 20230123133405.0 |
| 040 ## - CATALOGING SOURCE | |
| Transcribing agency | NUST |
| 110 ## - MAIN ENTRY--CORPORATE NAME | |
| Corporate name or jurisdiction name as entry element | Zimbabwe. |
| Subordinate unit | Commission of Inquiry into Incomes, Prices and Conditions of Service. |
| 245 10 - TITLE STATEMENT | |
| Title | Zimbabwe : |
| Remainder of title | report of the commission of inquiry into incomes, prices and conditions of service / |
| Statement of responsibility, etc. | under the Chairmanship of Roger C. Riddell. |
| 260 ## - PUBLICATION, DISTRIBUTION, ETC. | |
| Place of publication, distribution, etc. | [Harare] : |
| Name of publisher, distributor, etc. | Government of Zimbabwe, |
| Date of publication, distribution, etc. | 1981] |
| 300 ## - PHYSICAL DESCRIPTION | |
| Extent | ii, 330 p. ; |
| Dimensions | 30 cm. |
| 650 ## - SUBJECT ADDED ENTRY--TOPICAL TERM | |
| Topical term or geographic name entry element | Job evaluation |
| Geographic subdivision | Zimbabwe. |
| 650 ## - SUBJECT ADDED ENTRY--TOPICAL TERM | |
| Topical term or geographic name entry element | Labour policy |
| Geographic subdivision | Zimbabwe. |
| 650 ## - SUBJECT ADDED ENTRY--TOPICAL TERM | |
| Topical term or geographic name entry element | Prices |
| General subdivision | Government policy |
| Geographic subdivision | Zimbabwe. |
| 650 #1 - SUBJECT ADDED ENTRY--TOPICAL TERM | |
| Topical term or geographic name entry element | Income |
| Geographic subdivision | Zimbabwe. |
| 700 ## - ADDED ENTRY--PERSONAL NAME | |
| Personal name | Riddell, Roger C. |
| 740 ## - ADDED ENTRY--UNCONTROLLED RELATED/ANALYTICAL TITLE | |
| Uncontrolled related/analytical title | Report of the Commission of Inquiry into incomes, prices and conditions of service / |
| -- | under the Chairmanship of Roger C. Riddell, to the President, June 1981. |
| 907 ## - LOCAL DATA ELEMENT G, LDG (RLIN) | |
| a | .b10087035 |
| b | 17-02-09 |
| c | 28-08-03 |
| 942 ## - ADDED ENTRY ELEMENTS (KOHA) | |
| Koha item type | Ordinary Loan Books |
| Call number prefix | HD8802 |
| Call number suffix | ZIM |
| Date last seen | Total Checkouts | Full call number | Barcode | Cost, replacement price | Price effective from | Koha item type | Lost status | Source of classification or shelving scheme | Damaged status | Not for loan | Collection | Withdrawn status | Home library | Current library | Shelving location | Date acquired | Cost, normal purchase price |
|---|---|---|---|---|---|---|---|---|---|---|---|---|---|---|---|---|---|
| 01/23/2023 | 3 | HD8802 ZIM | 92003003863 | 80.00 | 01/23/2023 | BOOKS | LCC | NFIC | MAIN | MAIN | GEN | 01/23/2023 | 80.00 |